Wikipedia vital articles scientist, inventors and mathematicians - Statistics

General Stats
  • This quiz has been taken 21 times
  • The average score is 11 of 27
Answer Stats
Answer % Correct
Isaac Newton
93%
Nikola Tesla
87%
Albert Einstein
80%
Archimedes
80%
Leonhard Euler
80%
Carl Friedrich Gauss
73%
Thomas Edison
73%
Euclid
67%
Charles Darwin
60%
Galileo Galilei
60%
Michael Faraday
60%
Alan Turing
47%
Marie Curie
40%
James Clerk Maxwell
33%
Nicolaus Copernicus
33%
Antoine Lavoisier
27%
Dmitri Mendeleev
27%
Louis Pasteur
27%
Al-Khwarizmi
20%
Hippocrates
20%
Carl Linnaeus
13%
Kurt Gödel
13%
Avicenna
7%
Emmy Noether
7%
Florence Nightingale
7%
Johannes Gutenberg
7%
Shen Kuo
7%
No matching quizzes found
Score Distribution
Percent of People with Each Score
Percentile by Number Answered
Your Score History
You have not taken this quiz